000 00507nam a2200193Ia 4500
005 20250326123954.0
008 250326s9999 xx 000 0 und d
037 _aTextbook
040 _aFMSL
_beng
_cFMSL
041 _aeng
_2eng
084 _aXk K7
_qFMSL
100 _aHanson J L
245 0 _aDictionary of economics and commerce
_cHanson J L
250 _a2
260 _aLondon
_bLondon, Macdonald & Evans
_c1967
300 _a432p
942 _cTB
_hXk K7
999 _c1271712
_d1271712